Building Style by City 3 - Statistics

General Stats
  • This quiz has been taken 17 times
  • The average score is 4 of 12
Answer Stats
Picture Answer % Correct
New York
73%
Copenhagen
64%
Barcelona
45%
Buenos Aires
36%
Lisbon
36%
London
36%
Brussels
27%
Dublin
27%
Quebec City
27%
Santa Fe
27%
Cape Town
9%
Salvador
9%
No matching quizzes found
Score Distribution
Percent of People with Each Score
Percentile by Number Answered
Your Score History
You have not taken this quiz